000 00295nam a2200121Ia 4500
008 231221s9999 xx 000 0 und d
041 _aEnglish
100 _aEckel, Bruce
245 0 _aThinking in Java [electronic resource : book]
260 _c2004
650 _aThinking,Java
942 _cDL
999 _c203945
_d203945